[Event "ROM-ch U08"]
[Site "Calimanesti Caciulata"]
[Date "2016.04.25"]
[Round "9"]
[White "Stanoiev, Victor Stefan"]
[Black "Radu, David Cr"]
[Result "1-0"]
[WhiteElo "1028"]
[BlackElo "1127"]
[PlyCount "31"]
[EventDate "2016.04.18"]
[EventType "swiss"]
[EventRounds "9"]
[EventCountry "ROU"]
[SourceTitle "EXT 2017"]
[Source "ChessBase"]
[SourceDate "2016.10.25"]
[SourceVersion "1"]
[SourceVersionDate "2016.10.25"]
[SourceQuality "1"]

1. e4 e5 2. Nf3 Nc6 3. Bc4 Bc5 4. d3 Nf6 5. c3 Bb6 6. Nbd2 0-0 7. Nf1 d5 8. exd5 Nxd5 9. h3 Be6 10. Ng3 Qd6 11. Nh4 Qc5 12. 0-0 Rad8 13. Qf3 Rfe8 14. Ngf5 g6 15. Ng3 Na5 16. b4 1-0

[Event "ROM-ch U08"]
[Site "Calimanesti Caciulata"]
[Date "2016.04.21"]
[Round "5"]
[White "Stanoiev, Victor Stefan"]
[Black "Bobe, Mihai Cosmin"]
[Result "1-0"]
[WhiteElo "1028"]
[BlackElo "1153"]
[PlyCount "89"]
[EventDate "2016.04.18"]
[EventType "swiss"]
[EventRounds "9"]
[EventCountry "ROU"]
[SourceTitle "CBM 172 Extra"]
[Source "ChessBase"]
[SourceDate "2016.06.21"]
[SourceVersion "1"]
[SourceVersionDate "2016.06.21"]
[SourceQuality "1"]

1. e4 e6 2. d4 d5 3. exd5 exd5 4. Nf3 Nf6 5. Nc3 Nc6 6. Bb5 Bb4 7. Bd2 0-0 8. h3 a6 9. Bxc6 bxc6 10. 0-0 Bd6 11. Re1 Re8 12. Bg5 Rxe1+ 13. Qxe1 Rb8 14. b3 Qe7 15. Bxf6 gxf6 16. Qd2 Bb4 17. Qd3 Be6 18. Ne2 c5 19. a3 Ba5 20. Qxa6 Bb6 21. Qd3 c4 22. Qe3 cxb3 23. Qxb3 Qd8 24. Rb1 Bxd4 25. Qxb8 Qxb8 26. Rxb8+ Kg7 27. Nexd4 Bd7 28. Rb7 Ba4 29. Rxc7 Kg6 30. Rc5 Bd7 31. Rxd5 Ba4 32. Nh4+ Kh6 33. c4 Bd1 34. c5 f5 35. Nhxf5+ Kg6 36. c6 h6 37. c7 h5 38. c8Q Bg4 39. Nh4+ Kf6 40. hxg4 hxg4 41. Qc6+ Kg7 42. Rg5+ Kh7 43. Qe4+ Kh6 44. Qxg4 f6 45. Rh5# 1-0